000 01204nam a22003617a 4500
003 CHAP
005 20220329135329.0
008 971013s r 00010 d
010 _a34520
011 _a35492
035 _a39608
040 _cCHAP
082 _a633.18
_bE5
110 _aEmpresa Brasileira de Pesquisa Agropecuaria. Unidad de Execucao de Pesquisa de Ambito Estadual de Pelotas
_936613
245 _aRelatorio técnico anual
260 _aPelotas :
_b(s.e.),
_c19
300 _av.
_b: gráfs
500 _aLa biblioteca tiene : 1976-78
590 _aBATCH-UPD
_b10
_c20130109
_lUCH01
_h2311
590 _aBATCH-UPD
_b10
_c20130110
_lUCH01
_h2126
590 _aBATCH-UPD
_b10
_c20130410
_lUCH01
_h1435
590 _aBATCH-UPD
_b10
_c20130914
_lUCH01
_h0404
590 _aCONVERSION
_b10
_c20130109
_lUCH01
_h1319
650 1 4 _aArroz
_xBrasil.
_97575
650 1 4 _aArroz
_xInvestigación.
_97624
650 1 4 _aGanado vacuno
_xBrasil.
_945440
650 1 4 _aSorgo
_xInvestigación.
_9108686
650 1 4 _aSoya
_xBrasil.
_9109024
650 1 4 _aSoya
_xInvestigación.
_9109064
901 _aBK
942 _cLIBRO
949 _a633.18 E5
_bBC
_cLIBRO
_d33724000209441
_eLIBRO
_f1976-78
_h60440
_i39608
_si
999 _c34520
_d34520